| 000 | 00542nam a2200205 a 4500 | ||
|---|---|---|---|
| 001 | 14747 | ||
| 003 | CO-ViMGA | ||
| 008 | 141112s2004 ck r 000 u spa d | ||
| 020 | _a8482750186 | ||
| 040 |
_aCO-ViMGA _bspa _cCO-ViMGA |
||
| 082 | 0 | 4 | _a641.5 A135b |
| 100 | 1 |
_aAbello, Ines _921441 |
|
| 245 | 1 | 0 |
_aLa Buena cocina : _bcarnes y huevos |
| 260 |
_aBogotá, _cEd. dos mil, _c1979 |
||
| 300 | _a123 p. | ||
| 650 | 1 | 4 |
_aCARNES - PREPARACION _921442 |
| 650 | 1 | 4 |
_aCOCINA _921443 |
| 650 | 1 | 4 |
_aHUEVOS - PREPARACION _921444 |
| 942 |
_2ddc _cBK |
||
| 999 |
_c25253 _d25253 |
||